[Event "DEN-ch G5-1 Gr1"]
[Site "Svendborg"]
[Date "2023.04.05"]
[Round "2"]
[White "Leimand, Peter Martin"]
[Black "Hansen, Jorgen Frank"]
[Result "1-0"]
[WhiteElo "1946"]
[BlackElo "1736"]
[PlyCount "63"]
[EventDate "2023.04.05"]
[EventType "swiss"]
[EventRounds "5"]
[EventCountry "DEN"]
[SourceTitle "CBM 213 Extra"]
[Source "ChessBase"]
[SourceDate "2023.05.31"]
[SourceVersion "1"]
[SourceVersionDate "2023.05.31"]
[SourceQuality "1"]

1. e4 c5 2. Nc3 d6 3. g3 Nc6 4. Bg2 g6 5. f4 Bg7 6. Nf3 Bg4 7. h3 Bxf3 8. Bxf3 Nd4 9. Bg2 e6 10. 0-0 Qd7 11. d3 Ne7 12. a3 e5 13. Kh2 f5 14. Rb1 0-0 15. exf5 Ndxf5 16. Ne4 Nd4 17. c3 Ndc6 18. Qb3+ Kh8 19. Ng5 Nd8 20. Bd2 h6 21. Ne4 Ndc6 22. Rbe1 Kh7 23. h4 exf4 24. Bxf4 Ne5 25. Bh3 Qc7 26. d4 cxd4 27. cxd4 Nf7 28. Qe6 Rad8 29. h5 g5 30. Bd2 Nc6 31. Bf5+ Kh8 32. Qg6 1-0

[Event "DEN-ch G5-1 Gr1"]
[Site "Svendborg"]
[Date "2023.04.05"]
[Round "5"]
[White "Svendsen, Peter Willer"]
[Black "Leimand, Peter Martin"]
[Result "0-1"]
[WhiteElo "1920"]
[BlackElo "1946"]
[PlyCount "68"]
[EventDate "2023.04.05"]
[EventType "swiss"]
[EventRounds "5"]
[EventCountry "DEN"]
[SourceTitle "CBM 213 Extra"]
[Source "ChessBase"]
[SourceDate "2023.05.31"]
[SourceVersion "1"]
[SourceVersionDate "2023.05.31"]
[SourceQuality "1"]

1. e4 e6 2. d4 d5 3. exd5 exd5 4. Bd3 Nf6 5. Nf3 Bd6 6. 0-0 0-0 7. Re1 Bg4 8. Bg5 h6 9. Bh4 Nbd7 10. Nbd2 c5 11. c3 Rc8 12. h3 Be6 13. Ne5 Qb6 14. dxc5 Nxc5 15. Nb3 Nxd3 16. Qxd3 Ne4 17. Qd4 Qc7 18. Nd3 g5 19. f3 Bh2+ 20. Kh1 gxh4 21. fxe4 Bg3 22. Re2 Qd7 23. Ndc5 Qb5 24. Nxe6 fxe6 25. Qd1 dxe4 26. Rxe4 Rf2 27. Nd4 Qd5 28. Qg4+ Kh7 29. Qxe6 Qxe6 30. Rxe6 Rxb2 31. Rf1 Rxc3 32. Nf5 Rf2 33. Rxh6+ Kg8 34. Rxf2 Rc1+ 0-1

[Event "South Jutland-chT 1920 Master 2"]
[Site "Denmark"]
[Date "2019.10.28"]
[Round "1"]
[White "Leimand, Peter Martin"]
[Black "Larsson, Mogens K"]
[Result "1-0"]
[WhiteElo "1942"]
[BlackElo "1837"]
[PlyCount "77"]
[EventDate "2019.10.28"]
[EventType "team-tourn"]
[EventRounds "7"]
[EventCountry "DEN"]
[SourceTitle "EXT 2025"]
[Source "ChessBase"]
[SourceDate "2024.10.14"]
[SourceVersion "1"]
[SourceVersionDate "2024.10.14"]
[SourceQuality "1"]
[WhiteTeam "Ribe"]
[BlackTeam "Vojens"]
[WhiteTeamCountry "DEN"]
[BlackTeamCountry "DEN"]

1. e4 Nf6 2. d3 d5 3. Nc3 dxe4 4. dxe4 Qxd1+ 5. Kxd1 c6 6. Bf4 Nh5 7. Be3 e5 8. Kd2 Nd7 9. Bc4 Bc5 10. Nf3 Bxe3+ 11. Kxe3 f6 12. Rad1 Nb6 13. Bb3 Ke7 14. Rd2 Be6 15. Bxe6 Kxe6 16. b3 Rad8 17. Rhd1 Rxd2 18. Rxd2 Ke7 19. Ne2 g6 20. g4 Ng7 21. g5 Ne6 22. gxf6+ Kxf6 23. Nc1 Re8 24. Nd3 Nd7 25. h4 h6 26. Rd1 Nec5 27. Nb2 Re7 28. Nc4 b5 29. Na5 Nb8 30. Rd8 Ncd7 31. b4 Kf7 32. Rc8 Re8 33. Rc7 Ke6 34. Rxa7 Kd6 35. Rb7 Na6 36. a3 Nc7 37. c4 Rb8 38. c5+ Ke6 39. Rxc7 1-0

[Event "North Sea Cup 19th"]
[Site "Esbjerg"]
[Date "2004.07.10"]
[Round "9"]
[White "Rendboe, John Filip"]
[Black "Leimand, Peter Martin"]
[Result "1/2-1/2"]
[WhiteElo "2249"]
[BlackElo "2074"]
[PlyCount "53"]
[EventDate "2004.07.03"]
[EventType "swiss"]
[EventRounds "9"]
[EventCountry "DEN"]
[SourceTitle "CBM 101 Extra"]
[Source "ChessBase"]
[SourceDate "2004.09.01"]
[SourceVersion "2"]
[SourceVersionDate "2004.09.01"]
[SourceQuality "1"]

1. d4 d5 2. c4 e6 3. Nc3 Nf6 4. Bg5 Be7 5. e3 0-0 6. Nf3 b6 7. Rc1 Bb7 8. cxd5 Nxd5 9. Bxe7 Qxe7 10. Bd3 g6 11. 0-0 Rd8 12. Ne5 c5 13. Nxd5 Rxd5 14. Be4 Rd8 15. Qf3 Bxe4 16. Qxe4 Na6 17. Rfd1 Rac8 18. Qf3 Rd6 19. a3 Rc7 20. Qe2 Nb8 21. dxc5 Rxc5 22. Rxc5 Rxd1+ 23. Qxd1 Qxc5 24. Qd8+ Kg7 25. Nd3 Nc6 26. Nxc5 Nxd8 27. Ne4 1/2-1/2

[Event "North Sea Cup 19th"]
[Site "Esbjerg"]
[Date "2004.07.04"]
[Round "2"]
[White "Sedlak, Nikola"]
[Black "Leimand, Peter Martin"]
[Result "1-0"]
[WhiteElo "2519"]
[BlackElo "2074"]
[PlyCount "101"]
[EventDate "2004.07.03"]
[EventType "swiss"]
[EventRounds "9"]
[EventCountry "DEN"]
[SourceTitle "CBM 101 Extra"]
[Source "ChessBase"]
[SourceDate "2004.09.01"]
[SourceVersion "2"]
[SourceVersionDate "2004.09.01"]
[SourceQuality "1"]

1. e4 e6 2. d4 d5 3. Nc3 Bb4 4. e5 c5 5. a3 Bxc3+ 6. bxc3 Ne7 7. Nf3 0-0 8. Bd3 h6 9. g4 b6 10. g5 h5 11. g6 fxg6 12. Nh4 Ba6 13. Bxa6 Nxa6 14. Bg5 Rf5 15. Nxf5 exf5 16. Rg1 Nc7 17. Bxe7 Qxe7 18. Rxg6 Qh4 19. Qd3 Qxh2 20. Ke2 Rf8 21. Qf3 Qh4 22. Rag1 Rf7 23. e6 Re7 24. Qxf5 Qe4+ 25. Qxe4 dxe4 26. Ke3 Nxe6 27. d5 Nf8 28. R6g5 Rf7 29. Kxe4 Nh7 30. Rf5 Nf6+ 31. Kd3 Kh7 32. c4 g6 33. Rf4 Kh6 34. a4 g5 35. Rf5 g4 36. f3 Kg6 37. fxg4 hxg4 38. Rgf1 a5 39. R5f2 Kg5 40. Rxf6 Rxf6 41. Rxf6 Kxf6 42. Ke4 Kg5 43. c3 g3 44. Kf3 Kf5 45. Kxg3 Kg5 46. Kh3 Kf5 47. Kh4 Ke5 48. Kg5 b5 49. cxb5 Kxd5 50. Kf6 c4 51. Ke7 1-0

[Event "North Sea Cup 19th"]
[Site "Esbjerg"]
[Date "2004.07.03"]
[Round "1"]
[White "Leimand, Peter Martin"]
[Black "Konstantinov, Mikhail"]
[Result "1-0"]
[WhiteElo "2074"]
[BlackElo "2276"]
[PlyCount "75"]
[EventDate "2004.07.03"]
[EventType "swiss"]
[EventRounds "9"]
[EventCountry "DEN"]
[SourceTitle "CBM 101 Extra"]
[Source "ChessBase"]
[SourceDate "2004.09.01"]
[SourceVersion "2"]
[SourceVersionDate "2004.09.01"]
[SourceQuality "1"]

1. e4 c5 2. Nc3 e6 3. d3 Nc6 4. g3 d5 5. exd5 exd5 6. Bg2 Nf6 7. Bg5 d4 8. Qe2+ Be7 9. Bxf6 dxc3 10. Bxg7 cxb2 11. Bxb2 Qa5+ 12. Qd2 Qxd2+ 13. Kxd2 0-0 14. Re1 Bg5+ 15. f4 Bh6 16. Nf3 Be6 17. a3 Rfd8 18. Ng5 Bf5 19. Ne4 c4 20. Bf6 Bxe4 21. Rxe4 Rd6 22. Bc3 cxd3 23. cxd3 Rad8 24. Re3 Nd4 25. Rhe1 Ne6 26. Bxb7 R6d7 27. Bc6 Rd6 28. Bb5 Bg7 29. Bb4 Rb6 30. Ba5 Rxb5 31. Bxd8 Rb2+ 32. Kc1 Ra2 33. f5 Ra1+ 34. Kd2 Ra2+ 35. Kd1 Bc3 36. fxe6 Ra1+ 37. Kc2 Rxe1 38. Rxe1 1-0

[Event "DEN-chB"]
[Site "Horsens"]
[Date "2003.04.17"]
[Round "3"]
[White "Aabling Thomsen, Jakob"]
[Black "Leimand, Peter Martin"]
[Result "0-1"]
[WhiteElo "2122"]
[BlackElo "2002"]
[PlyCount "82"]
[EventDate "2003.04.15"]
[EventType "swiss"]
[EventRounds "7"]
[EventCountry "DEN"]
[SourceTitle "EXT 2005"]
[Source "ChessBase"]
[SourceDate "2004.11.15"]
[SourceVersion "1"]
[SourceVersionDate "2004.11.15"]
[SourceQuality "1"]

1. e4 e6 2. d4 d5 3. Nc3 Bb4 4. e5 c5 5. a3 Bxc3+ 6. bxc3 Ne7 7. Qg4 0-0 8. Bd3 f5 9. Qg3 Qa5 10. Bd2 Qa4 11. Nf3 c4 12. Be2 Qxc2 13. 0-0 f4 14. Qg5 Nbc6 15. h4 Qf5 16. h5 Bd7 17. Qh4 g6 18. hxg6 Nxg6 19. Qh6 Qf7 20. Nh2 Nce7 21. Ng4 Kh8 22. Bd1 Ng8 23. Qh2 Qf5 24. Ra2 Kg7 25. Rb2 b6 26. f3 h5 27. Bc2 Qg5 28. Nf2 N8e7 29. Nh3 Qg3 30. Qh1 Nh4 31. Be1 Nxf3+ 32. Rxf3 Qxe1+ 33. Rf1 Qxc3 34. Ra2 Qxd4+ 35. Rf2 Qxe5 36. Bd1 Nf5 37. Rae2 Qa1 38. Re1 Ng3 39. Qh2 e5 40. Ng5 Qc3 41. Nf3 e4 0-1

[Event "DEN-chB"]
[Site "Horsens"]
[Date "2003.04.16"]
[Round "2"]
[White "Leimand, Peter Martin"]
[Black "Glud, Jakob Vang"]
[Result "0-1"]
[WhiteElo "2029"]
[BlackElo "2176"]
[PlyCount "158"]
[EventDate "2003.04.15"]
[EventType "swiss"]
[EventRounds "7"]
[EventCountry "DEN"]
[SourceTitle "EXT 2005"]
[Source "ChessBase"]
[SourceDate "2004.11.15"]
[SourceVersion "1"]
[SourceVersionDate "2004.11.15"]
[SourceQuality "1"]

1. e4 e6 2. d4 d5 3. Nc3 Nf6 4. Bg5 dxe4 5. Nxe4 Nbd7 6. Nf3 Be7 7. Nxf6+ Nxf6 8. Bd3 0-0 9. c3 b6 10. Qc2 h6 11. Bxf6 Bxf6 12. Bh7+ Kh8 13. Be4 Rb8 14. 0-0 Qd6 15. Rfe1 Bd7 16. Rad1 Rfd8 17. Ne5 Be8 18. Bf3 c5 19. Ng4 Bg5 20. g3 cxd4 21. Rxd4 Qc7 22. Red1 b5 23. h4 Be7 24. Rxd8 Rxd8 25. Rxd8 Bxd8 26. Qe2 Be7 27. Kg2 a5 28. Qe5 Bd6 29. Qe3 b4 30. cxb4 axb4 31. Qe2 Qa5 32. Qc4 Qb5 33. Qd4 Qc5 34. Qxc5 Bxc5 35. Ne5 Kg8 36. Nd3 Bd6 37. Be2 e5 38. f3 f5 39. Nf2 Bf7 40. b3 Kf8 41. Bd3 g6 42. h5 Kg7 43. Nd1 Kf6 44. hxg6 Bxg6 45. Nf2 h5 46. Kf1 Be8 47. Ke2 Bc6 48. Bc2 Ke6 49. Bd3 Kf6 50. Bc2 Be7 51. Bd3 Bc5 52. Bc2 Bb5+ 53. Bd3 Bxf2 54. Bxb5 Bxg3 55. Ke3 Kg5 56. Bf1 Bf4+ 57. Kf2 Bd2 58. Bh3 Kf4 59. Kf1 e4 60. fxe4 fxe4 61. Ke2 e3 62. Bg2 Kg3 63. Bc6 h4 64. Kf1 h3 65. Bb7 Bc1 66. Bc6 Bb2 67. Bb7 Bf6 68. Bc6 Kh2 69. Bf3 Bg5 70. Be2 Kg3 71. Ba6 e2+ 72. Kxe2 Kg2 73. Bc8 h2 74. Kd3 h1Q 75. Bb7+ Kg1 76. Bxh1 Kxh1 77. Kc2 Be7 78. a3 bxa3 79. b4 Bxb4 0-1

[Event "Nordic-chT U20"]
[Site "Viby"]
[Date "2002.09.08"]
[Round "3.7"]
[White "Leimand, Peter Martin"]
[Black "Carlsen, Magnus"]
[Result "0-1"]
[WhiteElo "2003"]
[BlackElo "2237"]
[PlyCount "77"]
[EventDate "2002.09.06"]
[EventType "team-tourn"]
[EventRounds "3"]
[EventCountry "DEN"]
[SourceTitle "EXT 2018"]
[Source "ChessBase"]
[SourceDate "2017.10.13"]
[SourceVersion "1"]
[SourceVersionDate "2017.10.13"]
[SourceQuality "1"]
[WhiteTeam "Denmark II"]
[BlackTeam "Norway"]
[WhiteTeamCountry "DEN"]
[BlackTeamCountry "NOR"]

1. e4 c5 2. Nc3 Nc6 3. g3 g6 4. Bg2 Bg7 5. d3 e5 6. Nge2 Nge7 7. 0-0 0-0 8. Be3 d6 9. Qc1 Nd4 10. Bxd4 cxd4 11. Nd1 Be6 12. c4 Qd7 13. b4 f5 14. Rb1 Rac8 15. Qd2 b5 16. cxb5 Qxb5 17. a3 Qa4 18. Nb2 Qxa3 19. Ra1 Qb3 20. Nc4 Bxc4 21. dxc4 Qxc4 22. Rxa7 Nc6 23. Raa1 Ne7 24. Ra7 Qe6 25. b5 fxe4 26. Bxe4 d5 27. Qa2 Qf7 28. Bg2 Kh8 29. Qa3 Bf6 30. b6 Rb8 31. Rb1 Qe6 32. b7 Qf5 33. Rb3 Nc6 34. Ra8 Be7 35. Qa2 Qxf2+ 36. Kh1 e4 37. Rb6 d3 38. Ng1 Qxb6 39. Rxb8 0-1

[Event "Nordic-chT U20"]
[Site "Viby"]
[Date "2002.09.06"]
[Round "1.7"]
[White "Leimand, Peter Martin"]
[Black "Glud, Jakob Vang"]
[Result "0-1"]
[WhiteElo "2003"]
[BlackElo "2109"]
[PlyCount "92"]
[EventDate "2002.09.06"]
[EventType "team-tourn"]
[EventRounds "3"]
[EventCountry "DEN"]
[SourceTitle "EXT 2018"]
[Source "ChessBase"]
[SourceDate "2017.10.13"]
[SourceVersion "1"]
[SourceVersionDate "2017.10.13"]
[SourceQuality "1"]
[WhiteTeam "Denmark II"]
[BlackTeam "Denmark"]
[WhiteTeamCountry "DEN"]
[BlackTeamCountry "DEN"]

1. e4 e5 2. Nc3 Nc6 3. Nf3 Nf6 4. d4 exd4 5. Nxd4 Bb4 6. Nxc6 bxc6 7. Bd3 0-0 8. 0-0 Re8 9. Re1 d5 10. e5 Ng4 11. h3 Nxe5 12. Bxh7+ Kxh7 13. Qh5+ Kg8 14. Rxe5 Rxe5 15. Qxe5 Bd6 16. Qd4 Bb7 17. Na4 Qe7 18. Be3 Be5 19. Qd2 Bc8 20. Re1 Be6 21. Bg5 Bf6 22. Bxf6 Qxf6 23. Qa5 Qg6 24. Qc3 Bf5 25. Re3 Qd6 26. Rg3 Bg6 27. Qd4 a5 28. Nc5 Rb8 29. Nd3 c5 30. Qg4 c4 31. Nf4 Rxb2 32. h4 Rb1+ 33. Kh2 Qf6 34. Nxd5 Qxf2 35. Re3 Rb5 36. h5 Rxd5 37. Qc8+ Kh7 38. hxg6+ fxg6 39. Rh3+ Rh5 40. Qxc7 Rxh3+ 41. Kxh3 Qxc2 42. a3 c3 43. Kg3 Qd3+ 44. Kf2 Qd2+ 45. Kf3 c2 46. Qh2+ Qh6 0-1

[Event "Politiken Cup 24th"]
[Site "Copenhagen"]
[Date "2002.07.21"]
[Round "7"]
[White "Olsson, Tomas"]
[Black "Leimand, Peter Martin"]
[Result "0-1"]
[WhiteElo "2109"]
[BlackElo "2003"]
[PlyCount "56"]
[EventDate "2002.07.15"]
[EventType "swiss"]
[EventRounds "11"]
[EventCountry "DEN"]
[SourceTitle "CBM 089 Extra"]
[Source "ChessBase"]
[SourceDate "2002.09.10"]
[SourceVersion "2"]
[SourceVersionDate "2002.09.10"]
[SourceQuality "1"]

1. e4 c5 2. d4 cxd4 3. Nf3 d6 4. Nxd4 Nf6 5. Nc3 a6 6. f4 e5 7. Nf3 exf4 8. Bxf4 Qb6 9. Qd2 Qxb2 10. Rb1 Qa3 11. Be3 Nbd7 12. Bd3 Be7 13. 0-0 b5 14. Nd4 Ng4 15. Nb3 Nxe3 16. Qxe3 0-0 17. e5 Nc5 18. Nd5 Bd8 19. exd6 Nxb3 20. Ne7+ Bxe7 21. dxe7 Re8 22. Qf3 Be6 23. cxb3 Qxa2 24. Bf5 Bxf5 25. Qxf5 Rxe7 26. Rbe1 Qa3 27. Re4 Rxe4 28. Qxf7+ Kh8 0-1

[Event "Politiken Cup 24th"]
[Site "Copenhagen"]
[Date "2002.07.18"]
[Round "4"]
[White "Pedersen, Kaj Vinding"]
[Black "Leimand, Peter Martin"]
[Result "0-1"]
[WhiteElo "1529"]
[BlackElo "2003"]
[PlyCount "90"]
[EventDate "2002.07.15"]
[EventType "swiss"]
[EventRounds "11"]
[EventCountry "DEN"]
[SourceTitle "CBM 089 Extra"]
[Source "ChessBase"]
[SourceDate "2002.09.10"]
[SourceVersion "2"]
[SourceVersionDate "2002.09.10"]
[SourceQuality "1"]

1. d4 d5 2. Nf3 c6 3. c3 Nf6 4. Bf4 Nbd7 5. g3 h6 6. Bg2 e6 7. 0-0 Nh5 8. Bc1 Bd6 9. e3 Nhf6 10. Nbd2 0-0 11. Re1 e5 12. dxe5 Nxe5 13. Nxe5 Bxe5 14. Nf3 Bc7 15. Nd4 Re8 16. Qc2 Bd7 17. b3 h5 18. Bb2 Ng4 19. h3 Nf6 20. c4 dxc4 21. Qxc4 Qc8 22. h4 Be5 23. Qc2 Bh3 24. f4 Bc7 25. Bxh3 Qxh3 26. Qg2 Qxg2+ 27. Kxg2 Re4 28. Nf3 Ng4 29. Bd4 Rae8 30. Rac1 Nxe3+ 31. Kg1 a6 32. Bxe3 Rxe3 33. Rxe3 Rxe3 34. Rf1 Bb6 35. Kh1 a5 36. Ng1 Rxg3 37. Nf3 Bc7 38. f5 Rg4 39. f6 gxf6 40. Rg1 Bg3 41. a3 Kf8 42. Rg2 Bd6 43. a4 Rf4 44. Rf2 Rb4 45. Rb2 Bg3 0-1